[Event "SLO-ch qual"]
[Site "Ljubljana"]
[Date "2007.07.13"]
[Round "6"]
[White "Jeric, Simon"]
[Black "Gombac, Jan"]
[Result "0-1"]
[WhiteElo "2304"]
[BlackElo "2290"]
[PlyCount "80"]
[EventDate "2007.07.05"]
[EventType "swiss"]
[EventRounds "9"]
[EventCountry "SLO"]
[SourceTitle "EXT 2010"]
[Source "ChessBase"]
[SourceDate "2010.11.25"]
[SourceVersion "1"]
[SourceVersionDate "2010.11.25"]
[SourceQuality "1"]

1. e4 c5 2. c3 Nf6 3. e5 Nd5 4. d4 cxd4 5. Qxd4 e6 6. Bc4 Nc6 7. Qe4 Nb6 8. Bb3 d5 9. exd6 Bxd6 10. Nf3 Nd7 11. Bc2 Nf6 12. Qe2 Qe7 13. Nbd2 Bc7 14. 0-0 0-0 15. Re1 e5 16. h3 Re8 17. Ne4 Nxe4 18. Qxe4 f5 19. Bb3+ Kh8 20. Qe2 Be6 21. Ng5 Bxb3 22. axb3 h6 23. Qh5 Kg8 24. Nf3 Qf6 25. Nh4 Rf8 26. Ng6 Rfd8 27. f4 e4 28. g4 Rd3 29. Be3 Rxe3 30. Rxe3 Bb6 31. Rae1 fxg4 32. hxg4 Rd8 33. Kf1 Kh7 34. f5 Bxe3 35. Rxe3 Qd6 36. Re2 Qg3 37. Nf8+ Rxf8 38. Qg6+ Kh8 39. Rg2 Qf4+ 40. Kg1 Ne5 0-1